书目信息 |
| 题名: |
人间词话
|
|
| 作者: | 王国维, 著 ;范雅 , 宋景淼 编著 | |
| 分册: | ||
| 出版信息: | 南京 江苏凤凰科学技术出版社 2019.04 |
|
| 页数: | 207页 | |
| 开本: | 21cm | |
| 丛书名: | ||
| 单 册: | ||
| 中图分类: | I207.23 | |
| 科图分类: | ||
| 主题词: | 词 (文学)--ci ( wen xue )--诗歌评论--中国--古代 | |
| 电子资源: | ||
| ISBN: | 978-7-5537-9916-2 | |
| 000 | 01124nam0 2200289 450 | |
| 001 | 202019137253 | |
| 005 | 20191026133320.0 | |
| 010 | @a978-7-5537-9916-2@b精装@dCNY52.00 | |
| 100 | @a20191022d2019 em y0chiy50 ea | |
| 101 | 0 | @achi |
| 102 | @aCN@b320000 | |
| 105 | @aa z 000gy | |
| 106 | @ar | |
| 200 | 1 | @a人间词话@Aren jian ci hua@f王国维著@g范雅编著@g宋景淼绘 |
| 205 | @a彩插精装版 | |
| 210 | @a南京@c江苏凤凰科学技术出版社@d2019.04 | |
| 215 | @a207页@c彩图@d21cm | |
| 314 | @a王国维, 为中国近现代最重要的美学和文学思想家。 | |
| 330 | @a本书精心汇集了王国维亲手删改后的六十四则《人间词话》原本, 收录了其剔除掉的四十九则, 并对原作进行注解、赏析, 其中书中提及的诗词附有出处及原文, 让读者知其然, 知其所以然。多幅与书中内容相应的国画作品更是为读者提供了更好的阅读体验。 | |
| 605 | @a人间词话@Aren jian ci hua@x注释 | |
| 606 | 0 | @a词 (文学)@Aci ( wen xue )@x诗歌评论@y中国@z古代 |
| 690 | @aI207.23@v5 | |
| 701 | 0 | @a王国维,@Awang guo wei@f1877-1927@4著 |
| 702 | 0 | @a范雅@Afan ya@4编著 |
| 702 | 0 | @a宋景淼@Asong jing miao@4绘 |
| 801 | 0 | @aCN@c20190905 |
| 905 | @a河南城建学院图书馆@dI207.23@eW197-3 | |
| 人间词话/王国维著/范雅编著/宋景淼绘.-彩插精装版.-南京:江苏凤凰科学技术出版社,2019.04 |
| 207页:彩图;21cm |
| ISBN 978-7-5537-9916-2(精装):CNY52.00 |
| 本书精心汇集了王国维亲手删改后的六十四则《人间词话》原本, 收录了其剔除掉的四十九则, 并对原作进行注解、赏析, 其中书中提及的诗词附有出处及原文, 让读者知其然, 知其所以然。多幅与书中内容相应的国画作品更是为读者提供了更好的阅读体验。 |
| ● |
| 相关链接 |
|
|
|
正题名:人间词话
索取号:I207.23/W197-3
 
预约/预借
| 序号 | 登录号 | 条形码 | 馆藏地/架位号 | 状态 | 备注 |
| 1 | 1445694 | 214456943 | 文学库108/108文学库 9排2列1层/ [索取号:I207.23/W197-3] | 在馆 | |
| 2 | 1445695 | 214456952 | 文学库108/108文学库 9排2列1层/ [索取号:I207.23/W197-3] | 在馆 |